000 00790nam a2200241 a 4500
001 000012980
003 OSt
005 20200929163119.0
008 091118s1972 ve 000 f spa
040 _aDO-SdBNP
_bspa
_cBNPHU
100 1 _aRodríguez, Renato,
_d1927- 2011
_929927
245 1 0 _aAl sur del equanil /
_cRenato Rodríguez ; prólogo, Orlando Araujo.
260 _aCaracas, Venezuela :
_bMonte Ávila,
_c1972.
300 _a148 p. ;
_c16 cm.
490 1 _aBiblioteca Popular Eldorado
_v48
590 _aInventariado, 2020/ YL
650 4 _aNovela venezolana
_93962
650 4 _aLiteratura venezolana
_ySIGLO XX
_99777
700 1 _aAraujo, Orlando,
_d1927-1987,
_epról.
_929928
830 _aBiblioteca Popular Eldorado
_n48
_976703
910 _aEn proceso
942 _2ddc
_cLF1
999 _c12627
_d12627